Normal view
MARC view
Entry Personal Name
001 - CONTROL NUMBER
- control field: 256705
003 - CONTROL NUMBER IDENTIFIER
- control field: OSt
005 - DATE AND TIME OF LATEST TRANSACTION
- control field: 20220925182551.0
008 - FIXED-LENGTH DATA ELEMENTS
- fixed length control field: 220925|| aca||aabn | a|a d
040 ## - CATALOGING SOURCE
- Original cataloging agency: OSt
- Transcribing agency: OSt
100 ## - HEADING--PERSONAL NAME
- Personal name: Jacobsen Niels Kingo Ed
670 ## - SOURCE DATA FOUND
- Source citation: Work cat.: (OSt)502546: Jacobsen Niels Kingo Ed., Collected papers Denmark, 1968
